[Event "Bayernliga U20 1617"]
[Site "Bayern"]
[Date "2017.01.21"]
[Round "5.3"]
[White "Joebges, Nico"]
[Black "Wichmann, Adrian"]
[Result "0-1"]
[WhiteElo "1797"]
[BlackElo "1992"]
[PlyCount "66"]
[EventDate "2016.11.12"]
[EventType "team-tourn"]
[EventRounds "7"]
[EventCountry "GER"]
[SourceTitle "EXT 2022"]
[Source "ChessBase"]
[SourceDate "2021.10.06"]
[SourceVersion "1"]
[SourceVersionDate "2021.10.06"]
[SourceQuality "1"]
[WhiteTeam "Muenchen Tarrasch U20"]
[BlackTeam "Forchheim SC U20"]
[WhiteTeamCountry "GER"]
[BlackTeamCountry "GER"]

1. e4 c5 2. Nc3 g6 3. f4 Bg7 4. Nf3 Nc6 5. Bb5 Nd4 6. Bc4 a6 7. d3 e6 8. 0-0 b5 9. Bb3 Ne7 10. Nxd4 Bxd4+ 11. Kh1 Bg7 12. e5 Bb7 13. a4 0-0 14. Ne4 Bxe4 15. dxe4 c4 16. Ba2 f6 17. exf6 Bxf6 18. e5 Bg7 19. c3 Nd5 20. Bb1 d6 21. exd6 Qxd6 22. Be4 Rad8 23. Bxd5 exd5 24. axb5 axb5 25. Be3 b4 26. cxb4 d4 27. Bd2 c3 28. Qb3+ Qd5 29. Qxd5+ Rxd5 30. bxc3 dxc3 31. Bc1 c2 32. Ra2 Rd1 33. Kg1 Bd4+ 0-1

[Event "Bayernliga U20 1617"]
[Site "Bayern"]
[Date "2016.12.10"]
[Round "3.3"]
[White "Joebges, Nico"]
[Black "Dechant, Georg"]
[Result "1/2-1/2"]
[WhiteElo "1797"]
[BlackElo "1912"]
[PlyCount "54"]
[EventDate "2016.11.12"]
[EventType "team-tourn"]
[EventRounds "7"]
[EventCountry "GER"]
[SourceTitle "EXT 2022"]
[Source "ChessBase"]
[SourceDate "2021.10.06"]
[SourceVersion "1"]
[SourceVersionDate "2021.10.06"]
[SourceQuality "1"]
[WhiteTeam "Muenchen Tarrasch U20"]
[BlackTeam "Regensburg Bavaria"]
[WhiteTeamCountry "GER"]
[BlackTeamCountry "GER"]

1. e4 c5 2. Nc3 Nc6 3. Bb5 Nd4 4. Bc4 e6 5. Nge2 Nf6 6. e5 Ng4 7. Nxd4 Nxf2 8. Kxf2 cxd4 9. Ne2 d3 10. Bxd3 Bc5+ 11. Ke1 Qg5 12. Ng3 Qxe5+ 13. Qe2 Qf4 14. Rf1 Qh4 15. Qh5 Qd4 16. Rxf7 g6 17. Bxg6 hxg6 18. Qxg6 Kd8 19. Qg5+ Kc7 20. d3 Rxh2 21. Qf4+ e5 22. Qxd4 Bxd4 23. Ne2 Rxg2 24. Nxd4 exd4 25. Rf2 Rg1+ 26. Rf1 Rg2 27. Rf2 Rg1+ 1/2-1/2

[Event "GER-chT U14"]
[Site "Regensburg"]
[Date "2014.12.29"]
[Round "5.3"]
[White "Joebges, Nico"]
[Black "Freiherr von Hauff, Christopher V"]
[Result "1/2-1/2"]
[WhiteElo "1448"]
[BlackElo "1488"]
[PlyCount "122"]
[EventDate "2014.12.27"]
[EventType "team-swiss"]
[EventRounds "7"]
[EventCountry "GER"]
[SourceTitle "EXT 2016"]
[Source "ChessBase"]
[SourceDate "2015.10.08"]
[SourceVersion "1"]
[SourceVersionDate "2015.10.08"]
[SourceQuality "1"]
[WhiteTeam "Muenchen Tarrasch"]
[BlackTeam "Bebenhausen"]
[WhiteTeamCountry "GER"]
[BlackTeamCountry "GER"]

1. e4 e5 2. Nf3 Nc6 3. d4 exd4 4. Nxd4 Nf6 5. Nxc6 bxc6 6. e5 Nd5 7. c4 Nb6 8. b3 g5 9. Bb2 Bg7 10. g3 Qe7 11. Qe2 Ba6 12. Bg2 d5 13. Nd2 0-0 14. 0-0 Rfe8 15. Rfe1 Qe6 16. cxd5 Qc8 17. Qh5 Qd8 18. Nf3 h6 19. e6 fxe6 20. Bxg7 Kxg7 21. Rxe6 Rxe6 22. dxe6 Qf6 23. Qf7+ Qxf7 24. exf7 Kxf7 25. Ne5+ Kf6 26. Ng4+ Kg7 27. Bxc6 Rd8 28. Ne3 Rd2 29. Be4 Kf7 30. Rc1 Rd7 31. Ng4 Kg7 32. Ne3 h5 33. Rc6 Bb7 34. Re6 Bxe4 35. Rxe4 Kf6 36. Nc4 g4 37. Nxb6 axb6 38. Rc4 c5 39. Rc2 Rd3 40. Kg2 Kf5 41. Rb2 Ke4 42. Re2+ Kd5 43. h3 b5 44. hxg4 hxg4 45. Re8 c4 46. bxc4+ bxc4 47. Kf1 Ra3 48. Rd8+ Ke4 49. Rg8 Kf5 50. Rc8 c3 51. Ke1 Ke4 52. Kd1 Rxa2 53. Rxc3 Rxf2 54. Ke1 Rf3 55. Rc4+ Kf5 56. Rc5+ Kg6 57. Rc6+ Kg5 58. Rc5+ Kf6 59. Rc6+ Ke5 60. Rc5+ Kf6 61. Rc6+ Kg5 1/2-1/2

[Event "GER-chT U14"]
[Site "Regensburg"]
[Date "2014.12.27"]
[Round "1.3"]
[White "Joebges, Nico"]
[Black "Hoppe, Andreas"]
[Result "0-1"]
[WhiteElo "1448"]
[BlackElo "1699"]
[PlyCount "71"]
[EventDate "2014.12.27"]
[EventType "team-swiss"]
[EventRounds "7"]
[EventCountry "GER"]
[SourceTitle "EXT 2016"]
[Source "ChessBase"]
[SourceDate "2015.10.08"]
[SourceVersion "1"]
[SourceVersionDate "2015.10.08"]
[SourceQuality "1"]
[WhiteTeam "Muenchen Tarrasch"]
[BlackTeam "Hagen"]
[WhiteTeamCountry "GER"]
[BlackTeamCountry "GER"]

1. e4 e6 2. d4 d5 3. e5 c5 4. c3 Qb6 5. Nf3 Bd7 6. a3 Bb5 7. Bxb5+ Qxb5 8. Qe2 Qa6 9. b4 cxb4 10. Qxa6 Nxa6 11. cxb4 Rc8 12. 0-0 Ne7 13. Bd2 Ng6 14. Rc1 Rxc1+ 15. Bxc1 Be7 16. Bb2 Kd7 17. Nc3 Rc8 18. g3 Nb8 19. Rc1 Rc4 20. Ne2 Rxc1+ 21. Bxc1 Kc6 22. Nc3 b5 23. Kf1 Kb6 24. Ke2 Nc6 25. Na2 a5 26. Bd2 Nf8 27. Kd3 Nd7 28. Ng5 axb4 29. axb4 Bxb4 30. Bxb4 Kc7 31. Kc3 Nb6 32. Nc1 Nc4 33. f4 Kd7 34. g4 Ke8 35. f5 f6 36. exf6 0-1

[Event "Bayernliga U20 1415"]
[Site "Bayern"]
[Date "2014.12.13"]
[Round "2.6"]
[White "Wittmann, Jannik"]
[Black "Joebges, Nico"]
[Result "0-1"]
[WhiteElo "1651"]
[BlackElo "1651"]
[PlyCount "72"]
[EventDate "2014.11.15"]
[EventType "team-tourn"]
[EventRounds "7"]
[EventCountry "GER"]
[SourceTitle "EXT 2022"]
[Source "ChessBase"]
[SourceDate "2021.10.06"]
[SourceVersion "1"]
[SourceVersionDate "2021.10.06"]
[SourceQuality "1"]
[WhiteTeam "Regensburg Bavaria U20"]
[BlackTeam "Muenchen Tarrasch U20"]
[WhiteTeamCountry "GER"]
[BlackTeamCountry "GER"]

1. e4 e5 2. Nf3 Nc6 3. Bb5 a6 4. Ba4 b5 5. Bb3 Be7 6. 0-0 Nf6 7. Re1 0-0 8. c3 Bb7 9. d3 d6 10. Nbd2 Na5 11. Bc2 c5 12. Nf1 Nc6 13. Ng3 g6 14. d4 exd4 15. cxd4 Nb4 16. Bb1 Re8 17. d5 a5 18. h4 Na6 19. Ng5 Nb8 20. f4 Nbd7 21. f5 Ne5 22. Bf4 Nfg4 23. Qd2 Qb6 24. Kh1 c4 25. Be3 Nxe3 26. Qxe3 Qxe3 27. Rxe3 Bxg5 28. hxg5 Ng4 29. Rf3 b4 30. Bc2 a4 31. Ne2 b3 32. axb3 axb3 33. Rxa8 Rxa8 34. Bd1 Ra2 35. fxg6 hxg6 36. Nd4 Rxb2 0-1